000 00657nam a2200241Ia 4500
003 OSt
005 20230522102717.0
008 210423s2012 xx 000 0 und d
020 _a978-81-203-4592-8
040 _cAL
041 _aeng
082 _a515 SASI
_223
100 _aSASTRY (S S).
_9110006
245 _aIntroductory methods of numerical analysis Ed 5
250 _a5
260 _aNew Delhi
_bPHI Learning Pvt Ltd
_c2012
300 _axiv,450
_bPB
365 _b250
_cINR
650 _aMathematical Analysis
_9110007
650 _aMathematics
_9110008
906 _aanalysis ; Ed ; Introductory ; methods ; numerical
942 _2ddc
_cBK
999 _c165218
_d165218